00233nam a2200085Ia 4500008004100000041000800041100001700049245005000066260003100116230508s1996 xx 000 0 und d aeng aJOHN M. RYAN aTHE QUALITY TEAM CONCEPT IN TOTAL QUALITY CON bTATA MC GRAW HILL COc1996